000 00431nam a2200181Ia 4500
001 19014
005 20260306171712.0
008 260306s9999||||xx |||||||||||||| ||und||
041 _aESP
082 _a658.785
_bE79T
100 _aEscudero Serrano, M. José
_eAUT
245 0 _aTécnicas de almacén
260 _c2015
300 _ax, 282 páginas :
_c27 cm.
650 _aGEN
654 _aCAN
942 _cLIB
_dJUS
_fJUS
_2ddc
_n
999 _c19014
_d19014